| 000 | 02051nam a2200409 i 4500 | ||
|---|---|---|---|
| 001 | 000048693 | ||
| 003 | DO-SdBNP | ||
| 005 | 20250221073755.0 | ||
| 007 | ta | ||
| 008 | 100407s2015 dr ad 000 0 spa d | ||
| 020 | _a9789945898453 | ||
| 040 |
_aDO-SdBNP _bspa _cBNPHU _erda |
||
| 082 |
_a317.72935 _bP438e, 2015 _222 |
||
| 110 | 1 |
_aRepública Dominicana. _bOficina Nacional de Estadística _95775 |
|
| 245 | 1 | 0 |
_aPerfiles estadísticos provinciales : _bregiones Cibao Norte-Noroeste / _crecopilación Ivón Eliana González Pérez, Nancy Mora Alcántara, Laudys Ortiz |
| 264 | 1 |
_aSanto Domingo : _bONE, _c2015. |
|
| 300 |
_a200 páginas _bilustración ., diagramas _c28 cm. |
||
| 336 |
_2rdacontent _atexto _btxt |
||
| 337 |
_2rdamedia _asin mediación _bn |
||
| 338 |
_2rdacarrier _avolumen _bnc |
||
| 505 | 0 |
_tRegión Cibao Norte -- _tEspaillat -- _tPueto Plata -- _tSantiago -- _tRegión Cibao Noroete -- _tDajabón -- _tMonte Cristi -- _tSantiago Rodríguez -- _tValverde. |
|
| 590 | _aInventariado,2019/VM | ||
| 651 | 4 |
_aRepública Dominicana _xPoblación _vEstadísticas _964617 |
|
| 651 | 4 |
_aEspaillat, (República Dominicana) _xCondiciones económicas _vEstadísticas _976139 |
|
| 651 | 4 |
_aPuerta Plata, (República Dominicana) _xCondiciones sociales _vEstadísticas _976140 |
|
| 651 | 4 |
_aSantiago (República Dominicana) _xPoblación _976141 |
|
| 651 | 4 |
_aDajabón (República Dominicana) _xCondiciones económicas _vEstadísticas _976142 |
|
| 651 | 4 |
_aMonte Cristi (República Dominicana) _xCondiciones Sociales _vEstadísticas _976143 |
|
| 651 | 4 |
_aSantiago Rodríguez (República Dominicana) _xPoblación _vEstadísticas _976144 |
|
| 651 | 4 |
_aValverde, (República Dominicana) _xCondiciones económicas _vEstadísticas _976145 |
|
| 700 |
_aGonzález Pérez, Ivón Eliana _95774 _erecopilador |
||
| 700 |
_aMora Alcántara, Nancy _erecopilador _984824 |
||
| 700 |
_aOrtiz, Laudys _erecopilador _984825 |
||
| 710 | 1 |
_aRepública Dominicana. _bOficina Nacional de Estadística _95775 |
|
| 910 | _aValidado. Control de calidad MFF | ||
| 942 |
_2ddc _cLBS1 |
||
| 999 |
_c48181 _d48181 |
||